LEADER 00848nam0-2200301---450- 001 990009580380403321 005 20120528150851.0 035 $a000958038 035 $aFED01000958038 035 $a(Aleph)000958038FED01 035 $a000958038 100 $a20120525d1988----km-y0itay50------ba 101 0 $aita 102 $aIT 105 $a--------001yy 200 1 $aScelta di scritti per la storia dell'arte$fAnna Maria Ciaranfi 210 $aFirenze$cEdam$d1988 215 $a135 p.$cill.$d24 cm 610 0 $aArte$aFirenze$aSec. 13.-16. 676 $a709.4551 700 1$aCiaranfi,$bAnna Maria$037837 801 0$aIT$bUNINA$gRICA$2UNIMARC 901 $aBK 912 $a990009580380403321 952 $a709.455 CIA 1$bBibl.60651$fFLFBC 959 $aFLFBC 996 $aScelta di scritti per la storia dell'arte$9845401 997 $aUNINA LEADER 01384nam 2200409 450 001 9910398049503321 005 20200720101826.0 010 $a84-1324-629-6 035 $a(CKB)4100000010947753 035 $a(MiAaPQ)EBC6774895 035 $a(EXLCZ)994100000010947753 100 $a20200720d2019 uy 0 101 0 $aspa 135 $aurcnu|||||||| 181 $ctxt$2rdacontent/spa 182 $cc$2rdamedia/spa 183 $acr$2rdacarrier/spa 200 10$aReflexiones en las vi?speras de la entrada en vigor de la $eley reguladora de los contratos de cre?dito Inmobiliario /$fAntonio Rodri?guez Adrados 210 1$aMadrid :$cDykinson,$d2019. 215 $a1 recurso en li?nea (178 pa?ginas) 311 $a84-1324-574-5 606 $aMortgage loans 606 $aCredit$xLaw and legislation$zSpain$vCongresses 606 $aPre?stamos hipotecarios 606 $aCre?ditos$xLegislacio?n$zEspan?a$vCongresos 608 $aLibros electronicos. 615 0$aMortgage loans. 615 0$aCredit$xLaw and legislation 615 4$aPre?stamos hipotecarios. 615 4$aCre?ditos$xLegislacio?n 676 $a332.722 700 $aRodri?guez Adrados$b Antonio$0916573 801 0$bFINmELB 906 $aBOOK 912 $a9910398049503321 996 $aReflexiones en las vi?speras de la entrada en vigor de la$92054781 997 $aUNINA